Liedtext - Schüsse in die Luft - Kraftklub - Statistiken

Allgemein
  • Dieses Quiz wurde 697 mal gespielt
  • Das Durchschnittsergebnis liegt bei 388 aus 532
Antwortstatistiken
Textquiz % Korrekt
in
99%
die
98%
Die
98%
Luft
97%
ich
96%
Ich
96%
und
94%
Und
94%
Schüsse
90%
den
88%
Den
88%
Aber
87%
aber
87%
schieße
87%
mit
86%
Mit
86%
Da
85%
da
85%
Drei
85%
keine
85%
der
84%
Der
84%
ein
83%
Ein
83%
keiner
82%
ma'
82%
Krieg
81%
wie
80%
auf
79%
Bang
79%
du
79%
Du
79%
so
79%
ziehe
79%
zieht
78%
bin
77%
oder
77%
Oder
77%
geh'
76%
hier
76%
mal
76%
Meine
76%
nur
76%
Nur
76%
nicht
75%
das
74%
im
74%
ist
74%
sagt
73%
Sagt
73%
Doch
72%
doch
72%
an
71%
er
71%
Mutter
70%
Straße
69%
Urlaub
69%
Wenn
69%
wenn
69%
wieder
69%
Nacht
68%
draußen
67%
Fahr
67%
mir
67%
nix
67%
Tag
67%
alles
66%
Es
66%
nichts
66%
Berlin
65%
denn
65%
Einzige
65%
Junge
65%
leider
65%
nie
65%
war
65%
Dann
64%
mich
64%
schon
64%
soll
63%
sonst
63%
allein
62%
auch
62%
dein
62%
Dein
62%
Frau
62%
Revolution
62%
schlafen
62%
sei
62%
zu
62%
als
61%
Hand
61%
Ja
61%
ja
61%
sind
61%
über
61%
außer
60%
Bauer
60%
Farin
60%
noch
60%
sucht
60%
ander'n
59%
meiner
59%
Beschwerden
58%
einer
58%
Leben
58%
Lieber
58%
lieber
58%
steh'
58%
immer
57%
mach
57%
RTL
57%
sieht
57%
Couch
56%
geil
56%
ihr
56%
jetzt
56%
Land
56%
nebenbei
56%
Reaktion
56%
Asylbewerberheim
55%
bisschen
55%
bist
55%
dem
55%
dieser
55%
Dreck
55%
dümmer
55%
eigene
55%
Frauentausch
55%
gib
55%
gut
55%
kannst
55%
muss
55%
vor
55%
wär's
55%
was
55%
Gegen
54%
Krach
54%
niemand
54%
Solange
54%
Stein
54%
Stolz
54%
umgibt
54%
Vergleich
54%
armen
53%
ironisch
53%
Leuten
53%
man
53%
Schweinen
53%
einfach
52%
einsamer
52%
hab'
52%
hast
52%
natürlich
52%
paar
52%
Schuld
52%
Hund
51%
lange
51%
scheiße
50%
bellt
49%
viel
49%
Wand
49%
weg
49%
anti-alles
48%
beißt
48%
gar
48%
Opfern
48%
anti-ihr
47%
etwas
47%
machst
47%
scheinbar
47%
schwarz
47%
sein
47%
pleite
46%
werd'
46%
bevor
45%
irgendwann
45%
male
45%
rausschaut
45%
verfickten
45%
falsch
44%
okay
44%
kommt
43%
wirst
43%
erwartest
42%
Euro
42%
irgendwas
42%
nein
42%
weit
42%
zufrieden
42%
Ansonsten
41%
ansonsten
41%
Dingen
41%
egal
41%
halt
41%
Hey
41%
musst
41%
Spaß
41%
arrangier'n
40%
Für
40%
klar
40%
Bio-Markt
39%
enttäuscht
39%
ganze
39%
Handyvertrag
39%
Irgendjemand
39%
selbst
38%
wollt'
38%
angefangen
37%
Kommentar
37%
Stunde
36%
Bar
35%
Hartz
34%
genau
33%
verkackter
33%
sieben
32%
besoffene
29%
Vollidioten
29%
Allen
28%
390
23%
bedienen
23%
Keine übereinstimmenden Quizze gefunden
Verteilung der Resultate
Anzahl Personen mit jedem Resultat
Perzentil nach korrekt beantworteten Fragen
Ihre Resultats-Entwicklung
Sie haben dieses Quiz noch nicht gespielt